Boy Baby Names 1997 Starting with 'C' Quiz Stats

Quiz not verified by Sporcle

Also try: Born in Georgia
Challenge
Share
Tweet
Embed
Score 0/74 Timer 10:00
0 Plays Today
Rank Name % Correct
4Christopher
96.9%
673Cristopher
96.9%
427Chris
96.1%
25Christian
92.4%
145Cristian
92.4%
49Charles
91.7%
45Cameron
91.1%
737Camron
91.1%
260Carl
90.3%
465Charlie
90.1%
110Corey
84.9%
165Cory
84.9%
52Connor
84.3%
190Conner
84.3%
204Carter
84.3%
319Conor
84.3%
72Cole
83.3%
77Chase
81.8%
36Cody
81.6%
925Coty
81.6%
944Codey
81.6%
67Carlos
81.2%
981Cale
81.2%
122Collin
78.5%
125Colin
78.5%
268Carson
77.3%
108Colton
74.8%
469Colten
74.8%
907Coleton
74.8%
47Caleb
74.4%
863Carlo
72.7%
192Calvin
72.3%
174Chad
71.9%
675Colt
70.9%
315Cooper
69.6%
379Clay
66.5%
458Cade
64.7%
Rank Name % Correct
191Chance
64.5%
571Caden
64.3%
146Clayton
63.2%
163Casey
62%
208Curtis
60.5%
257Craig
57.6%
684Clint
57%
496Clinton
55.4%
228Colby
53.9%
973Cecil
52.7%
573Clifford
50.2%
422Corbin
49.2%
603Camden
49.2%
403Cedric
49%
665Clark
48.6%
547Clarence
48.3%
965Clyde
47.5%
627Cyrus
43.8%
631Carlton
43.8%
184Chandler
43.4%
663Chaz
39%
717Coby
32.4%
620Conrad
31.4%
714Clifton
28.3%
947Cain
27.9%
505Cullen
25.4%
669Courtney
24.8%
695Cruz
21.9%
187Cesar
21.3%
939Coy
19.2%
710Cornelius
18.2%
497Coleman
17.8%
919Chauncey
12.4%
580Cordell
9.7%
920Cristobal
9.7%
725Cortez
7.2%
837Chaim
6%

You're not logged in!

Compare scores with friends on all Sporcle quizzes.
Join for Free
OR
Log In

You Might Also Like...

Show Comments

Extras

Created Mar 29, 2016ReportNominate
Tags:Baby Names Quiz, 1997, baby boy

Top Quizzes Today


Score Distribution

Your Account Isn't Verified!

In order to create a playlist on Sporcle, you need to verify the email address you used during registration. Go to your Sporcle Settings to finish the process.

Report this User

Report this user for behavior that violates our Community Guidelines.

Details: